00767cam a22002651 4500001001300000003000400013005001700017008004100034010001700075015001500092025001900107035001800126040002900144042001200173050001600185082001100201100004200212245006400254260004900318300001900367504003100386650004400417650002300461999001700484sa 66007052 DLC20260227112301.0740808s1965 ii b 000 0 eng  asa 66007052  aGB66-18747 aPL480:I-E-6216 a(OCoLC)974688 aDLCcOAUdOCoLCdUkdDLC apremarc00aLB2321b.S3 a378.011 aSaiyidain, Khwaja Ghulam,d1904-1971.10aUniversities and the life of the mindc[by] K.G. Saiyidain. aBombay,aNew York,bAsia Pub. Housec[c1965] a236 p.c23 cm. aBibliographical footnotes. 0aEducation, HigherxAims and objectives. 0aFormal discipline. c70894d70894